| 000 | 00350nam a2200145Ia 4500 | ||
|---|---|---|---|
| 008 | 220803s9999 xx 000 0 und d | ||
| 020 | _a9780007427925 | ||
| 041 | _aeng | ||
| 082 | _a720 MCC | ||
| 100 |
_aMcCandless David _924950 |
||
| 245 | _aKnowledge Is Beautiful | ||
| 260 |
_aLondon _bWilliam Collins _c2014 |
||
| 300 | _a256p | ||
| 500 | _aDIGIT | ||
| 999 |
_c15830 _d15830 |
||